000 00751cam a2200277Ka 4500
001 47618
005 20230410132803.0
008 861217s1970 ve 000 0 spa d
035 _a(OCoLC)ocm14983201
040 _aLNC
_cLNC
_dOCLCQ
035 _a(OCoLC)14983201
041 1 _aspa
_hfre
050 1 4 _aQH 307
_bL123b 1970
082 0 0 _a574.04
049 _aGRAL
100 1 _aLaborit, Henri,
_d1914-1995.
245 1 0 _aBiología y estructura :
_bensayo /
_cHenri Laborit ; tr. Celso Romero Peláez.
260 _aCaracas :
_bTiempo Nuevo,
_cc1970.
300 _a182 p.
500 _aTítulo original : Biologie et structure.
650 0 _aBiology.
650 4 _aBiología
942 _2lcc
_cbk
946 _aclperez
994 _aC0
_bDRFGD
999 _c87767
_d87767